| 000 | 00912nam a2200265 a 4500 | ||
|---|---|---|---|
| 001 | 000022877 | ||
| 005 | 20200930021842.0 | ||
| 008 | 101122s1971 sp r 000 0 spa d | ||
| 040 |
_aDO-SdBNP _bspa _cBNPHU |
||
| 082 |
_a891.713 _bM217p |
||
| 100 | 1 |
_aMaiakovsky, Vladimir, _d1894-1930 _947015 |
|
| 245 | 1 | 0 |
_aPoesía y revolución / _cVladimir Maiakovsky ; traducción Jaume Fuster , María Antónia Oliver. |
| 260 |
_aBarcelona : _bPenínsula, _c1971. |
||
| 300 |
_a134 p. ; _c19 cm. |
||
| 490 | 1 |
_aediciones de bolsillo ; _v76 |
|
| 490 | 1 |
_aIbérica ; _v32 |
|
| 500 | _aIncluye referencia biográfica del autor en la contracubierta. | ||
| 650 | 4 |
_aPoesía rusa _925299 |
|
| 650 | 4 |
_aLiteratura rusa _94743 |
|
| 700 | 1 |
_aFuster, Jaume, _etr. _947016 |
|
| 700 | 1 |
_aOliver, María Antónia, _etr. _947017 |
|
| 830 | 0 |
_aediciones de bolsillo ; _n76 _947018 |
|
| 830 | 0 |
_aIbérica ; _n32 _947019 |
|
| 049 | _aBNGR | ||
| 999 |
_c22374 _d22374 |
||